Methods for the chemical analysis of ground water / (Record no. 2018)
[ view plain ]
| 000 -LEADER | |
|---|---|
| fixed length control field | 00496cam a2200181ua 4500 |
| 041 ## - LANGUAGE CODE | |
| Language code of text/sound track or separate title | eng |
| 082 ## - DEWEY DECIMAL CLASSIFICATION NUMBER | |
| Classification number | 551.49 |
| Item number | COO/ME |
| 100 ## - MAIN ENTRY--AUTHOR NAME | |
| Personal name | Cook, J.M and Miles. D.L . |
| 245 ## - TITLE STATEMENT | |
| Title | Methods for the chemical analysis of ground water / |
| 250 ## - EDITION STATEMENT | |
| Edition statement | 1 / |
| 260 ## - PUBLICATION, DISTRIBUTION, ETC. (IMPRINT) | |
| Place of publication | Jodhpur : |
| Name of publisher | Scientific Books Publisher INC , |
| Year of publication | 1991. |
| 300 ## - PHYSICAL DESCRIPTION | |
| Number of Pages | 55 ; . |
| 942 ## - ADDED ENTRY ELEMENTS (KOHA) | |
| Koha item type | Books |
| Withdrawn status | Lost status | Damaged status | Home library | Current library | Date acquired | Full call number | Accession Number | Koha item type |
|---|---|---|---|---|---|---|---|---|
| KAUAET | KAUAET | 07/04/2012 | 551.49 COO/ME | 17850 | Books |
